Művészestély

Správa o tom, že 12.08.1912 hosťoval v Humennom herec z "Nemzeti szinház, Budapest" Imrich (Imre) Pintér. [O ňom viď. Szinney, zv.XI, s. 1174 - o.i. pôsobil aj v Bratislave.]

Podrobná bibliografia
Médium: Článok
Jazyk:Hungarian
Témy:
Zdroj: 1. Felvidéki Hirlap 1. Roč. 5, č. 32 (18.08.1912) s. 2
LEADER 00965nab#a2200313#ar4500
001 000074022
003 SVKKK
005 20040512xxxxxxx.
008 06 c xo huno
FMT
038 |a SVKKK 
040 |a SVKKK  |b slo  |e AACR2 
041 0 |a hun 
044 |a xo  |c SK 
080 |a 792 
242 1 0 |a Umelecký večer 
245 0 0 |a Művészestély 
500 |a mikrofilm 
520 2 |a Správa o tom, že 12.08.1912 hosťoval v Humennom herec z "Nemzeti szinház, Budapest" Imrich (Imre) Pintér. [O ňom viď. Szinney, zv.XI, s. 1174 - o.i. pôsobil aj v Bratislave.] 
650 0 4 |a Pintér, Imrich (herec, [1864-19??]) - Nemzeti szinház, Budapest - pôsobenie - hosťovanie - Humenné - [12.08.]1912 - správy 
773 0 |t Felvidéki Hirlap  |g Roč. 5, č. 32 (18.08.1912) s. 2 
957 |a Budapest (HU) 
957 |a Humenné 
958 |a DG 
958 |a SK 
974 |a Ba  |d 20040512 
992 |a RBX 
BAS
998 |a RETRO